|
|
|
|
| LEADER |
01094nam a2200349 4500 |
| 001 |
DLU090093782 |
| 005 |
##20091201 |
| 040 |
# |
# |
|a DLU
|b eng
|
| 041 |
# |
# |
|a eng
|
| 044 |
# |
# |
|a us
|
| 245 |
# |
# |
|a Characterization of polymer-coated glass as a passive air sampler for persistent organic pollutants /
|c Tom Harner ... [et al.].
|
| 653 |
# |
# |
|a Equipment specifications
|
| 653 |
# |
# |
|a Indoor pollution
|
| 653 |
# |
# |
|a Organic compounds
|
| 653 |
# |
# |
|a Organochlorine compounds
|
| 653 |
# |
# |
|a Persistent organic pollutant
|
| 653 |
# |
# |
|a Vinyl acetate copolymer
|
| 700 |
# |
# |
|a Farrar, Nick J.
|
| 700 |
# |
# |
|a Gobas, Frank A. P. C.
|
| 700 |
# |
# |
|a Harner, Tom.
|
| 700 |
# |
# |
|a Jones, Kevin C.
|
| 700 |
# |
# |
|a Shoeib, Mahiba.
|
| 773 |
# |
# |
|t Environmental Science & Technology
|g Vol. 37, no. 11 (June 2003), p. 2486-2493
|
| 920 |
# |
# |
|a Phòng Tạp chí -- Trung tâm Thông tin - Thư viện Trường Đại học Đà Lạt
|
| 994 |
# |
# |
|a DLU
|
| 900 |
# |
# |
|a True
|
| 911 |
# |
# |
|a Trương Bảo Trâm Anh
|
| 925 |
# |
# |
|a G
|
| 926 |
# |
# |
|a A
|
| 927 |
# |
# |
|a BB
|
| 980 |
# |
# |
|a Thư viện Trường Đại học Đà Lạt
|